Statistics for Poland Country Quiz

Click here to take the quiz!

General Stats

  • This quiz has been taken 1,213 times
    (885 since last reset)
  • The average score is 15 of 24

Answer Stats

HintAnswer% Correct
Largest cityWarszawa
98%
Second largest cityKraków
95%
Poland in PolishPolska
91%
Principal seaportGdańsk
86%
Longest riverVistula
80%
CurrencyZłoty
80%
Pope born in PolandPope John Paul II
75%
Fourth largest cityWrocław
73%
Polish-born radioactivity-studying female scientistMarie Curie
72%
Third largest cityŁódź
71%
Dumplings, usually filled with potatoPierogi
71%
Virtuoso pianist and composer born in PolandFryderyk Chopin
70%
Current president of PolandAndrzej Duda
68%
In a union with this country (1569-1795)Lithuania
66%
President, Co-founder of above, 1983 Nobel Peace PrizeLech Wałęsa
62%
Polish president who died in a plane crash in 2010Lech Kaczyński
58%
Highest mountainRysy
54%
Highest Polish football leagueEkstraklasa
49%
King (1674-96) who defeated the Turks at ViennaJohn III Sobieski
43%
Non-Communist trade unionSolidarity
42%
US Revolutionary & Polish-Russian War of 1792 heroTadeusz Kościuszko
41%
Sweet, filled, fried pastriesPączki
33%
"The father of the American cavalry"Kazimierz Pułaski
19%
Province and breed of dogPomeranian
13%

Score Distribution

Percentile by Number Answered

Percent of People with Each Score

Your Score History

You have not taken this quiz since the last reset